| 000 | 00839nas a2200241 4500 | ||
|---|---|---|---|
| 001 | BR0801796 | ||
| 003 | BR-BrBNA | ||
| 005 | 20231205111808.0 | ||
| 007 | ta | ||
| 008 | 230509b bl.|||p| |||| 00| 00por d | ||
| 040 |
_aBR-BrBNA _bpor _cBiblioteca Nacional de Agricultura |
||
| 041 | _a(Pt) | ||
| 072 | _aQ52; Q54 | ||
| 100 | 1 | _aRosa, B. | |
| 100 | 1 | _aSilva, S.R. de C. | |
| 245 | 1 | _aProdução e caracteristicas químicas do capim-elefante (Pennisetum purpureum Schum)para ensilagem em diferentes idades de corte | |
| 650 | _aCAPIM ELEFANTE | ||
| 650 | _aMATÉRIA SECA | ||
| 650 | _aENSILAGEM | ||
| 773 | 0 |
_tAnais da Escola de Veterinária e Agronomia - Universidade Federal de Goiás (Brazil) _xISSN 0100-218X _g(Jul-Dec 1997), v. 27(2) p. 99-107 _wBR0801796 |
|
| 909 |
_a202311 _bLúcia _c55 _dLúcia Elande |
||
| 942 |
_2AGRIS _n0 _cANA |
||
| 999 |
_c194517 _d194517 |
||